00503 2200145 4500001002100000005001500021035002000036007000300056008003900059020002800098100004100126245009200167260007700259300002100336INLIS00000000000007220230119092428 a0010-0721000057ta230119 | | |  aISBN 978-602-282-983-60 aSiti Wachidah, Yuli Rulani Khatimah,1 aBAHASA INGGRIS 9 :bBUKU GURU SMP/MTS KELAS IX /cKementerian Pendidikan dan Kebudayaan aJakarta :bPusat Kurikulum dan Perbukuan, Balitbang, Kemendikbud.,c2018 a194 hlm :b25 cm